InDesign CS2 at your fingertips

If you're making the switch from QuarkXPress or PageMaker to Adobe InDesign or just starting out with page layout and design, InDesign CS2 at Your Fingertips is your ultimate reference. Its award-winning format gives you easy and instant access to all the tasks you'll want to perform. Auth...

ver descrição completa

Na minha lista:
Detalhes bibliográficos
Autor principal: LoCascio, Ted
Formato: Livro
Idioma:Undetermined
Publicado em: San Francisco,London SYBEX 2005
Assuntos:
Tags: Adicionar Tag
Sem tags, seja o primeiro a adicionar uma tag!
Thư viện lưu trữ: Trung tâm Học liệu Trường Đại học Cần Thơ
LEADER 01098nam a2200205Ia 4500
001 CTU_163710
008 210402s9999 xx 000 0 und d
020 |c 24.99 
082 |a 686.22544536 
082 |b L811 
100 |a LoCascio, Ted 
245 0 |a InDesign CS2 at your fingertips 
245 0 |c Ted LoCascio 
260 |a San Francisco,London 
260 |b SYBEX 
260 |c 2005 
520 |a If you're making the switch from QuarkXPress or PageMaker to Adobe InDesign or just starting out with page layout and design, InDesign CS2 at Your Fingertips is your ultimate reference. Its award-winning format gives you easy and instant access to all the tasks you'll want to perform. Author Ted LoCascio is a highly qualified instructor--he's the former senior designer for the National Association of Photoshop Professionals and an InDesign expert. With clear, accessible information and a full color section, this is the best value on the market 
650 |a Desktop publishing,Chế bản văn phòng 
910 |a Nguyên 
980 |a Trung tâm Học liệu Trường Đại học Cần Thơ